000 00727nam a2200133Ia 4500
008 100328s9999 xx 000 0 und d
082 _b69271
100 _aमांडे अरुण-अनु.(मूळ लेखक-पदम शर्मा).
245 _aआयएसआयच्या कारवाया (Inter Services Intelligence Of Pakistan and its Activities).
260 _bमेहता पब्लिशिंग हाऊस.
630 _aआयएसआयच्या कारवाया (Inter Services Intelligence Of Pakistan and its Activities).
730 _aआयएसआयच्या कारवाया (Inter Services Intelligence Of Pakistan and its Activities).
942 _cBOOK
999 _c555003
_d555000